000 00296nam a22001337a 4500
008 170623b xxu||||| |||| 00| 0 eng d
020 _a0395572681
041 _aeng
080 _a32
100 _a21
101 _aSHP
245 _aPORTAIS OF AMERICAN POLITICS
_cALLEN.B
942 _2udc
_cBK
999 _c19069
_d19069